| 000 | 02534nam a2200157Ia 4500 | ||
|---|---|---|---|
| 005 | 20260209120141.0 | ||
| 008 | 260209s9999||||xx |||||||||||||| ||und|| | ||
| 100 | _aRavi Sourav | ||
| 245 | 4 | _aThe impact of cashless policy on the economic growth of India - a critical study | |
| 260 |
_aBangalore Bangalore _bNLSIU, Bangalore _c2019 |
||
| 300 | _a117 p. ; 25 cm. | ||
| 505 | _aContents DECLARATION ; CERTIFICATE ;. ACKNOWLEDGEMENT ; Chapter 1 ; Introduction ; RESEARCH METHODOLOGY ; Aims and Objectives ; Statement of Problem ; Research Questions ; Hypothesis ; Research Methodology ; Scope and limitation ; Sources ; Mode of Citation: ; CHAPTER 2 ; PAVMENT SYSTEM IN INDIA: -HISTORV AND ITS EVOLUTION ; 2.1: History of payment system ; 2.2: Evolution of the Payment System ; 2.3: The Electronic Payments ; Electronic Clearing Service (ECS) Credit ; Electronic Clearing Service (ECS) Debit ; Regional ECS (RECS) ; Electronic Funds Transfer ; NEFT (National Electronic Funds Transfer) system ; Real Time Settlement System (RTGS) ; Immediate Payment Service (IMPS); 2.4 Some Other Payment system in India ; Point of Sale (POS) Terminals & the ATMs ; Pre -paid Payment Systems or Pre-Paid Instruments (PPI) ; Mobile Banking System ; USSD Based Banking System ; Direct Carrier Billing ; 2.5 The Creation of National Payment System ; 2.6 Payments and Settlements Act, 2007 ; Payments & Settlement bill, 2018 ; Independent Payment Regulatory Board ; Chapter 3 ; Challenges ahead for establishing cashless economy in India ; What is the meaning of Cashless Economy? ; 3.1 Need of the Cashless Economy ; 3.2 Demonetization:·A move towards going Cashless ; 3.3 Challenges Being Faced in Establishing Cashless Economy in India ; Chapter 4 ; Government Initiatives towards cashless India ; 4.1 Digital India ; 4.2 Pradhan Mantri Jan·Ohan Vojana ; 4.3 Aadhaar Pay ; 4.4 UPI (Unified Payment Interface) ; 4.5 RUPAV ; 4.6 Some other Government Scheme & Initiatives ; CHAPTER 5 ; IMPACT OF CASHLESS TRANSACTIONS ; 5.1 POSITIVE IMPACT OF CASHLESS TRANSACTION ; 5, 1 Negative Impact of Cashless Transaction ; 5.3 IMPACT OF CASHLESS TRANSACTION ON ECONOMIC GROWTH ; CONCLUSION AND FINDINGS ; 6.1 Conclusion ; 6.2 Findings & Suggestions ; Bibliography ; Anextures. | ||
| 650 | _aElectronic payment system Money transaction system - India National electronic founds transfer (NEFT) Payment system - India | ||
| 700 | _aDr. Prashant Desai - GuideDr. Prashant Desai - Guide | ||
| 856 | _uhttps://dans.nls.ac.in/handle/123456789/450 | ||
| 999 |
_c217409 _d217409 |
||